[Event "Schleswig Holstein-ch Seniors op"]
[Site "Buesum"]
[Date "2014.09.30"]
[Round "6"]
[White "Jung, Michael"]
[Black "Van Dongen, Rob"]
[Result "1/2-1/2"]
[WhiteElo "1773"]
[BlackElo "1947"]
[PlyCount "36"]
[EventDate "2014.09.25"]
[EventType "swiss"]
[EventRounds "9"]
[EventCountry "GER"]
[SourceTitle "EXT 2018"]
[Source "ChessBase"]
[SourceDate "2017.10.13"]
[SourceVersion "1"]
[SourceVersionDate "2017.10.13"]
[SourceQuality "1"]

1. c4 Nf6 2. Nc3 e6 3. e4 d6 4. g3 c5 5. Bg2 Nc6 6. Nge2 Be7 7. 0-0 0-0 8. d3 a6 9. h3 Rb8 10. a4 Bd7 11. b3 Nd4 12. Be3 e5 13. Rb1 b5 14. axb5 axb5 15. Ra1 Qb6 16. Bg5 Qb7 17. Bxf6 Bxf6 18. Nd5 Be6 1/2-1/2

[Event "Schleswig Holstein-ch Seniors op"]
[Site "Buesum"]
[Date "2014.09.27"]
[Round "3"]
[White "Van Dongen, Rob"]
[Black "Johnsen, Oystein"]
[Result "0-1"]
[WhiteElo "1947"]
[BlackElo "2035"]
[PlyCount "62"]
[EventDate "2014.09.25"]
[EventType "swiss"]
[EventRounds "9"]
[EventCountry "GER"]
[SourceTitle "EXT 2018"]
[Source "ChessBase"]
[SourceDate "2017.10.13"]
[SourceVersion "1"]
[SourceVersionDate "2017.10.13"]
[SourceQuality "1"]

1. d4 f5 2. Nc3 Nf6 3. Bg5 d5 4. Nh3 e6 5. f3 Be7 6. Nf2 Nc6 7. e3 a6 8. Be2 h6 9. Bxf6 Bxf6 10. f4 g6 11. Nd3 Qe7 12. Ne5 Bxe5 13. fxe5 Qg5 14. Qd2 Bd7 15. 0-0-0 0-0-0 16. Bf3 Qe7 17. Ne2 g5 18. h3 Be8 19. g3 Na7 20. Rdg1 c5 21. dxc5 Qxc5 22. Qd4 b6 23. c4 Nc6 24. Qxc5 bxc5 25. cxd5 Nxe5 26. Bg2 exd5 27. Rd1 Bb5 28. Nc3 Nd3+ 29. Kc2 Nf2 30. Nxd5 Nxh1 31. Bxh1 Rhe8 0-1

[Event "WchT Seniors 65"]
[Site "Vilnius"]
[Date "2014.07.18"]
[Round "6.5"]
[White "Van Dongen, Rob"]
[Black "Batakovs, Olegs N"]
[Result "1/2-1/2"]
[WhiteElo "1977"]
[BlackElo "2090"]
[PlyCount "39"]
[EventDate "2014.07.13"]
[EventType "team-swiss"]
[EventRounds "9"]
[EventCountry "LTU"]
[SourceTitle "CBM 161 Extra"]
[Source "ChessBase"]
[SourceDate "2014.08.29"]
[SourceVersion "1"]
[SourceVersionDate "2014.08.29"]
[SourceQuality "1"]
[WhiteTeam "Netherlands"]
[BlackTeam "Latvia"]
[WhiteTeamCountry "NED"]
[BlackTeamCountry "LAT"]

1. d4 Nf6 2. c4 g6 3. Nc3 Bg7 4. e4 d6 5. Nf3 0-0 6. Be2 e5 7. dxe5 dxe5 8. Qxd8 Rxd8 9. Bg5 Re8 10. Nd5 Nxd5 11. cxd5 c6 12. Rd1 cxd5 13. exd5 Nd7 14. 0-0 Nf6 15. Rfe1 Bd7 16. d6 Rac8 17. Bf1 h6 18. Bd2 e4 19. Nd4 a6 20. Ba5 1/2-1/2

[Event "WchT Seniors 65"]
[Site "Vilnius"]
[Date "2014.07.14"]
[Round "2.3"]
[White "Van Dongen, Rob"]
[Black "Singer, Hans"]
[Result "0-1"]
[WhiteElo "1977"]
[BlackElo "2174"]
[PlyCount "36"]
[EventDate "2014.07.13"]
[EventType "team-swiss"]
[EventRounds "9"]
[EventCountry "LTU"]
[SourceTitle "CBM 161 Extra"]
[Source "ChessBase"]
[SourceDate "2014.08.29"]
[SourceVersion "1"]
[SourceVersionDate "2014.08.29"]
[SourceQuality "1"]
[WhiteTeam "Netherlands"]
[BlackTeam "Austria"]
[WhiteTeamCountry "NED"]
[BlackTeamCountry "AUT"]

1. d4 Nf6 2. c4 e6 3. Nc3 Bb4 4. Qc2 d5 5. e3 c5 6. Nf3 0-0 7. Bd2 cxd4 8. Nxd4 e5 9. Nf3 d4 10. Nd1 Nc6 11. a3 Bxd2+ 12. Qxd2 Bf5 13. b4 Re8 14. c5 d3 15. Nc3 Nd4 16. Nxd4 exd4 17. Nb5 dxe3 18. fxe3 Ne4 0-1

[Event "Hessen-ch Seniors op 10th"]
[Site "Bad Sooden-Allendorf"]
[Date "2014.05.04"]
[Round "9"]
[White "Bachmann, Rolf"]
[Black "Van Dongen, Rob"]
[Result "0-1"]
[WhiteElo "2032"]
[BlackElo "1968"]
[PlyCount "62"]
[EventDate "2014.04.26"]
[EventType "swiss"]
[EventRounds "9"]
[EventCountry "GER"]
[SourceTitle "EXT 2018"]
[Source "ChessBase"]
[SourceDate "2017.10.13"]
[SourceVersion "1"]
[SourceVersionDate "2017.10.13"]
[SourceQuality "1"]

1. c4 e6 2. d4 d5 3. Nc3 Nf6 4. e3 c6 5. Nf3 Nbd7 6. cxd5 exd5 7. Bd3 Be7 8. 0-0 0-0 9. a3 a5 10. b3 Re8 11. Bb2 Bd6 12. Rc1 Qe7 13. a4 Nf8 14. Ne2 Bg4 15. Ng3 Ne4 16. Be2 Ng6 17. Nxe4 dxe4 18. Nd2 Bxe2 19. Qxe2 Qg5 20. g3 h5 21. Nc4 Bc7 22. Rfd1 Rad8 23. Bc3 Rd5 24. Rb1 Nh4 25. b4 Nf3+ 26. Kh1 h4 27. bxa5 hxg3 28. fxg3 Bxg3 29. Qg2 Bxh2 30. Qxg5 Rxg5 31. Rxb7 Re6 0-1

[Event "Hessen-ch Seniors op 10th"]
[Site "Bad Sooden-Allendorf"]
[Date "2014.04.29"]
[Round "4"]
[White "Van Dongen, Rob"]
[Black "Kolkwitz, Klaus"]
[Result "1/2-1/2"]
[WhiteElo "1968"]
[BlackElo "1905"]
[PlyCount "38"]
[EventDate "2014.04.26"]
[EventType "swiss"]
[EventRounds "9"]
[EventCountry "GER"]
[SourceTitle "EXT 2018"]
[Source "ChessBase"]
[SourceDate "2017.10.13"]
[SourceVersion "1"]
[SourceVersionDate "2017.10.13"]
[SourceQuality "1"]

1. d4 Nf6 2. c4 g6 3. Nc3 d5 4. cxd5 Nxd5 5. e4 Nxc3 6. bxc3 Bg7 7. Be3 c5 8. Rc1 cxd4 9. cxd4 0-0 10. Nf3 Bg4 11. Be2 Nc6 12. d5 Ne5 13. 0-0 Nxf3+ 14. Bxf3 Bxf3 15. Qxf3 Qa5 16. Qe2 Rfc8 17. Rxc8+ Rxc8 18. Rc1 Rxc1+ 19. Bxc1 Qc3 1/2-1/2

[Event "Hessen-ch Seniors op 10th"]
[Site "Bad Sooden-Allendorf"]
[Date "2014.04.27"]
[Round "2"]
[White "Van Dongen, Rob"]
[Black "Kluger, Hans Peter"]
[Result "0-1"]
[WhiteElo "1968"]
[BlackElo "1943"]
[PlyCount "66"]
[EventDate "2014.04.26"]
[EventType "swiss"]
[EventRounds "9"]
[EventCountry "GER"]
[SourceTitle "EXT 2018"]
[Source "ChessBase"]
[SourceDate "2017.10.13"]
[SourceVersion "1"]
[SourceVersionDate "2017.10.13"]
[SourceQuality "1"]

1. d4 d5 2. Nf3 Nf6 3. e3 c6 4. c4 Bg4 5. h3 Bh5 6. cxd5 cxd5 7. Qa4+ Nbd7 8. Ne5 a6 9. Nc3 e6 10. Nxd7 Nxd7 11. Bd3 Bd6 12. Bd2 Rc8 13. Rc1 0-0 14. Qc2 f5 15. g4 Bg6 16. gxf5 Bxf5 17. Ke2 Qh4 18. Bxf5 Rxf5 19. f4 Nf6 20. Rcg1 Ne4 21. Be1 Qh5+ 22. Kd3 b5 23. Qg2 Bf8 24. Qg4 Qf7 25. Qg2 Qc7 26. Ke2 Qc4+ 27. Kf3 Ng5+ 28. Kg3 b4 29. Kh4 bxc3 30. fxg5 cxb2 31. Qxb2 Qd3 32. Rh2 h6 33. gxh6 Be7+ 0-1

[Event "Hessen-ch Seniors op 09th"]
[Site "Bad Sooden-Allendorf"]
[Date "2013.04.28"]
[Round "9"]
[White "Gerhardt, Peter Michael"]
[Black "Van Dongen, Rob"]
[Result "1/2-1/2"]
[WhiteElo "2125"]
[BlackElo "1954"]
[PlyCount "33"]
[EventDate "2013.04.20"]
[EventType "swiss"]
[EventRounds "9"]
[EventCountry "GER"]
[SourceTitle "EXT 2019"]
[Source "ChessBase"]
[SourceDate "2018.10.10"]
[SourceVersion "1"]
[SourceVersionDate "2018.10.10"]
[SourceQuality "1"]

1. d4 Nf6 2. Nf3 d5 3. c4 e6 4. Nc3 c6 5. e3 Nbd7 6. Bd3 dxc4 7. Bxc4 b5 8. Be2 a6 9. 0-0 Be7 10. b3 Bb7 11. Bb2 0-0 12. Qc2 c5 13. dxc5 Bxc5 14. Rad1 Qe7 15. Qb1 Rac8 16. Nd4 Ne5 17. Nf3 1/2-1/2

[Event "Hessen-ch Seniors op 09th"]
[Site "Bad Sooden-Allendorf"]
[Date "2013.04.27"]
[Round "8"]
[White "Van Dongen, Rob"]
[Black "Weidlich, Guenter"]
[Result "0-1"]
[WhiteElo "1954"]
[BlackElo "2272"]
[PlyCount "80"]
[EventDate "2013.04.20"]
[EventType "swiss"]
[EventRounds "9"]
[EventCountry "GER"]
[SourceTitle "EXT 2019"]
[Source "ChessBase"]
[SourceDate "2018.10.10"]
[SourceVersion "1"]
[SourceVersionDate "2018.10.10"]
[SourceQuality "1"]

1. d4 Nf6 2. c4 c5 3. d5 b5 4. cxb5 a6 5. bxa6 Bxa6 6. Nc3 d6 7. g3 g6 8. Bg2 Bg7 9. Nf3 0-0 10. Rb1 Nbd7 11. 0-0 Qa5 12. Bd2 Rfb8 13. b3 Bb7 14. h3 Ne8 15. Qc2 Bxc3 16. Bxc3 Qxa2 17. Qd1 Qa7 18. Qd2 Bc8 19. e4 f6 20. Kh2 Qa2 21. Rfd1 Qxd2 22. Rxd2 Ra3 23. Rdb2 Ba6 24. Ne1 c4 25. Bf1 Nc5 26. Nc2 Raxb3 27. Bb4 Rxb2 28. Rxb2 Nxe4 29. Ra2 Bb5 30. Nd4 Kf8 31. f3 Ng5 32. Bd2 c3 33. Bxg5 Bxf1 34. Bc1 Nc7 35. Ne6+ Nxe6 36. dxe6 Bc4 37. Rc2 Rb3 38. Ra2 Bxe6 39. Bh6+ Kf7 40. Ra8 Bd5 0-1

[Event "Hessen-ch Seniors op 09th"]
[Site "Bad Sooden-Allendorf"]
[Date "2013.04.20"]
[Round "1"]
[White "Neumann, Peter1111"]
[Black "Van Dongen, Rob"]
[Result "1/2-1/2"]
[WhiteElo "1791"]
[BlackElo "1954"]
[PlyCount "57"]
[EventDate "2013.04.20"]
[EventType "swiss"]
[EventRounds "9"]
[EventCountry "GER"]
[SourceTitle "EXT 2019"]
[Source "ChessBase"]
[SourceDate "2018.10.10"]
[SourceVersion "1"]
[SourceVersionDate "2018.10.10"]
[SourceQuality "1"]

1. d4 Nf6 2. c4 d6 3. Nc3 e5 4. d5 Be7 5. e4 0-0 6. f3 Ne8 7. Bd3 Na6 8. a3 Nc5 9. Bc2 a5 10. Be3 Bg5 11. Qd2 Bxe3 12. Qxe3 f5 13. exf5 Bxf5 14. Bxf5 Rxf5 15. Ne4 Nxe4 16. Qxe4 g6 17. Ne2 Nf6 18. Qd3 Nd7 19. Qc3 Nc5 20. Ng3 Rf8 21. b3 b6 22. 0-0 a4 23. b4 Nb3 24. Ra2 Nd4 25. Raf2 Nf5 26. Ne2 Qe7 27. Re1 Rae8 28. Nf4 Nd4 29. Ne2 1/2-1/2

[Event "Feffernitz Raika op 21st"]
[Site "Feffernitz"]
[Date "2012.08.23"]
[Round "6"]
[White "Van Dongen, Rob"]
[Black "Obenaus, Thomas"]
[Result "1/2-1/2"]
[WhiteElo "1963"]
[BlackElo "1844"]
[PlyCount "114"]
[EventDate "2012.08.19"]
[EventType "swiss"]
[EventRounds "9"]
[EventCountry "AUT"]
[SourceTitle "CBM 150 Extra"]
[Source "ChessBase"]
[SourceDate "2012.10.19"]
[SourceVersion "1"]
[SourceVersionDate "2012.10.19"]
[SourceQuality "1"]

1. d4 Nf6 2. c4 c5 3. d5 b5 4. cxb5 a6 5. bxa6 Bxa6 6. Nc3 d6 7. e4 Bxf1 8. Kxf1 g6 9. g3 Bg7 10. Kg2 0-0 11. Nf3 Nfd7 12. Bf4 Na6 13. Qd2 Qb6 14. Rhb1 Rfb8 15. a4 Qb4 16. Qc2 c4 17. Nb5 Nac5 18. Nfd4 Nb3 19. Nxb3 cxb3 20. Qe2 Nc5 21. Bd2 Qxe4+ 22. Qxe4 Nxe4 23. Bc3 Nxc3 24. Nxc3 Rb4 25. h4 Ra5 26. Ra3 e6 27. dxe6 fxe6 28. Raa1 d5 29. Kf1 d4 30. Ne4 Rbxa4 31. Rxa4 Rxa4 32. Nc5 Ra2 33. Nxe6 Bf6 34. Nc5 Kf7 35. Nxb3 Ke6 36. Nc1 Ra6 37. Nd3 Rb6 38. Ke2 Kd5 39. Rc1 Rb3 40. Rc7 h6 41. Rh7 Kc4 42. Rc7+ Kd5 43. Rc5+ Kd6 44. Rc4 Kd5 45. Rb4 Rxb4 46. Nxb4+ Kc4 47. Nd3 g5 48. hxg5 hxg5 49. f4 gxf4 50. gxf4 Be7 51. f5 Kb3 52. Nf4 Kxb2 53. Kd3 Bf6 54. Ne6 Kb3 55. Nxd4+ Kb4 56. Ne6 Kb5 57. Ke4 Kc6 1/2-1/2

[Event "Feffernitz Raika op 21st"]
[Site "Feffernitz"]
[Date "2012.08.22"]
[Round "5"]
[White "Kesik, Klaus Dieter"]
[Black "Van Dongen, Rob"]
[Result "1-0"]
[WhiteElo "2243"]
[BlackElo "1963"]
[PlyCount "95"]
[EventDate "2012.08.19"]
[EventType "swiss"]
[EventRounds "9"]
[EventCountry "AUT"]
[SourceTitle "CBM 150 Extra"]
[Source "ChessBase"]
[SourceDate "2012.10.19"]
[SourceVersion "1"]
[SourceVersionDate "2012.10.19"]
[SourceQuality "1"]

1. d4 Nf6 2. Bg5 h6 3. Bxf6 exf6 4. e3 d5 5. g3 Be6 6. Bg2 Qd7 7. c4 c6 8. cxd5 Bxd5 9. e4 Bc4 10. Ne2 Be7 11. 0-0 Bxe2 12. Qxe2 Qxd4 13. Rd1 Qe5 14. Nd2 0-0 15. Nc4 Qc7 16. Bh3 b5 17. Ne3 Re8 18. Nf5 Bf8 19. Rac1 Qe5 20. f3 g6 21. Ne3 f5 22. Bg2 fxe4 23. fxe4 Bc5 24. Kh1 h5 25. Nd5 Nd7 26. Nf4 Rad8 27. b4 Bxb4 28. Rxc6 Nb8 29. Rcc1 Bf8 30. h4 Bh6 31. Rf1 Rd7 32. Qf2 Red8 33. Rc5 Qd4 34. Rxb5 Qxf2 35. Rxf2 Nc6 36. Nd5 Bg7 37. Bh3 f5 38. Rd2 Nd4 39. Ra5 Rf7 40. exf5 gxf5 41. Nf4 Bh6 42. Rd3 Rfd7 43. Nxh5 Bg7 44. Nxg7 Kxg7 45. Bxf5 Re7 46. Ra4 Nc6 47. Rxd8 Nxd8 48. Rd4 1-0